000 00512ntaaa2200193 4500
003 01
005 20251027202904.0
008 0714s1973 ag 01
020 _a0311123244
040 _aAR-BaBN
_bspa
_cAR-BaBN
_eaacr
_dRIC
082 _a269.8000 M11d
100 _aMcAllister, D
_929342
245 _aEl discipulado del jóven
250 _a1 ed.
260 _aEl Paso :
_bCasa Bautista de Publicaciones,
_c1982
300 _a75 p ;
_c28 cm
650 _aevangelización-nuevos creyentes
_96203
942 _cBK
999 _c24193
_d24193